000 00933nam a2200265 a 4500
001 79928
003 BD-RjUL
005 20220606160657.0
008 220606s2008 ne |||||o |||| ||eng
020 _a9780123736956
035 _a(BD-RjUL)79928
040 _aUk
_beng
_cUk
_dBD-RjUL
041 _aeng
082 0 4 _222
_a615.50724
_bCHP 2008
100 1 _aChin, Richard Y.
_q(Richard Yoonsik)
_93459
245 1 0 _aPrinciples and practice of clinical trial medicine /
_cRichard Chin, Bruce Y. Lee.
264 1 _aAmsterdam :
_bElsevier,
_c2008.
300 _a547 pages:
_bill.;
_c29 cm.
540 _aRestricted: Printing from this resource is governed by The Legal Deposit Libraries (Non-Print Works) Regulations (UK) and UK copyright law currently in force.
_5UkOxU
650 0 _aClinical trials.
_93460
700 1 _aLee, Bruce Y.
_93461
942 _2ddc
_cBK
999 _c79928
_d79928